[Event "POL-chT 2nd League"]
[Site "Jastrzebia Gora"]
[Date "2022.09.10"]
[Round "8.46"]
[White "Gawronski, Miroslaw"]
[Black "Kalmuk, Krzysztof"]
[Result "1-0"]
[WhiteElo "1966"]
[BlackElo "1997"]
[PlyCount "121"]
[EventDate "2022.09.03"]
[EventType "team-swiss"]
[EventRounds "9"]
[EventCountry "POL"]
[SourceTitle "CBM 210 Extra"]
[Source "ChessBase"]
[SourceDate "2022.11.30"]
[SourceVersion "1"]
[SourceVersionDate "2022.11.30"]
[SourceQuality "1"]
[WhiteTeam "Plock Hetman"]
[BlackTeam "Gliwice Politechnika Slaska"]
[WhiteTeamCountry "POL"]
[BlackTeamCountry "POL"]

1. d4 Nf6 2. Nf3 c6 3. h3 d6 4. c4 g6 5. Nc3 d5 6. e3 Bg7 7. a4 0-0 8. a5 Bf5 9. Qb3 Qc7 10. cxd5 Nxd5 11. Nxd5 cxd5 12. Qxd5 Qc2 13. Qc4 Rc8 14. Qxc2 Rxc2 15. b4 Nc6 16. Bd2 e5 17. b5 exd4 18. e4 Bxe4 19. bxc6 Re8 20. Kd1 d3 21. Ra3 Rxc6 22. Bxd3 Bxd3 23. Rxd3 b6 24. Re1 Rxe1+ 25. Bxe1 bxa5 26. Bxa5 Bf6 27. Kd2 Kg7 28. Rd5 Re6 29. g4 h6 30. h4 Be7 31. Bc3+ Bf6 32. Nd4 Ra6 33. g5 hxg5 34. hxg5 Bxg5+ 35. Rxg5 Kh6 36. Rc5 f5 37. Ke2 Kg5 38. Kf3 Rb6 39. Kg3 Ra6 40. Nf3+ Kh6 41. Rc7 g5 42. Bd4 Ra3 43. Bxa7 Kh5 44. Kg2 g4 45. Nd4 f4 46. Rc5+ Kg6 47. Bb8 g3 48. f3 Ra2+ 49. Nc2 Ra4 50. Bxf4 Rxf4 51. Kxg3 Rf8 52. Rd5 Rc8 53. Nd4 Rc1 54. Kf4 Rd1 55. Rd6+ Kf7 56. Ke5 Re1+ 57. Kf5 Rd1 58. f4 Rf1 59. Rd7+ Ke8 60. Ra7 Rf2 61. Ke6 1-0

[Event "POL-chT 2nd League"]
[Site "Jastrzebia Gora"]
[Date "2022.09.06"]
[Round "4.39"]
[White "Puczylowski, Marcin"]
[Black "Gawronski, Miroslaw"]
[Result "1-0"]
[WhiteElo "2106"]
[BlackElo "1966"]
[PlyCount "105"]
[EventDate "2022.09.03"]
[EventType "team-swiss"]
[EventRounds "9"]
[EventCountry "POL"]
[SourceTitle "CBM 210 Extra"]
[Source "ChessBase"]
[SourceDate "2022.11.30"]
[SourceVersion "1"]
[SourceVersionDate "2022.11.30"]
[SourceQuality "1"]
[WhiteTeam "Debica Gryf"]
[BlackTeam "Plock Hetman"]
[WhiteTeamCountry "POL"]
[BlackTeamCountry "POL"]

1. e4 c5 2. Nf3 e6 3. d4 cxd4 4. Nxd4 a6 5. Bd3 Qc7 6. 0-0 b6 7. c4 Bb7 8. Nc3 Nf6 9. Qe2 d6 10. Nd5 exd5 11. exd5+ Kd8 12. Bg5 Nbd7 13. Rfe1 Kc8 14. b4 h6 15. Qe8+ Qd8 16. Bxf6 gxf6 17. Qxf7 Ne5 18. Qh5 Be7 19. Bf5+ Kb8 20. f4 Nxc4 21. Qf7 Ne5 22. fxe5 dxe5 23. Nc6+ Bxc6 24. dxc6 Ra7 25. Red1 Qg8 26. Qxg8+ Rxg8 27. a3 Rc7 28. Rd7 a5 29. bxa5 Bc5+ 30. Kf1 Rxc6 31. Rb1 Rc7 32. Rd3 Ra7 33. axb6 Rxa3 34. Rxa3 Bxa3 35. Ra1 Rg5 36. Be4 Rg4 37. Bf3 Ra4 38. Ke2 e4 39. Rxa3 Rxa3 40. Bxe4 Rb3 41. b7 Kc7 42. Kd2 f5 43. Bf3 Kd6 44. Kc2 Rb4 45. Kc3 Kc5 46. h3 Rc4+ 47. Kd3 Rd4+ 48. Kc3 Rb4 49. Bd5 h5 50. Bf3 h4 51. Bd5 Rb1 52. Bb3 Rc1+ 53. Bc2 1-0

[Event "POL-chT 2nd League"]
[Site "Jastrzebia Gora"]
[Date "2022.09.05"]
[Round "3.33"]
[White "Gawronski, Miroslaw"]
[Black "Kaliszuk, Kamil"]
[Result "0-1"]
[WhiteElo "1966"]
[BlackElo "2067"]
[PlyCount "88"]
[EventDate "2022.09.03"]
[EventType "team-swiss"]
[EventRounds "9"]
[EventCountry "POL"]
[SourceTitle "CBM 210 Extra"]
[Source "ChessBase"]
[SourceDate "2022.11.30"]
[SourceVersion "1"]
[SourceVersionDate "2022.11.30"]
[SourceQuality "1"]
[WhiteTeam "Plock Hetman"]
[BlackTeam "Czestochowa Hetman"]
[WhiteTeamCountry "POL"]
[BlackTeamCountry "POL"]

1. d4 d5 2. Nf3 Nf6 3. Bf4 e6 4. e3 Bd6 5. Ne5 0-0 6. c4 c5 7. dxc5 Bxc5 8. Nc3 Bb4 9. Qb3 Qa5 10. Rc1 Bxc3+ 11. Rxc3 Ne4 12. Qa3 Qxa3 13. Rxa3 f6 14. Nf3 e5 15. Bg3 Be6 16. cxd5 Bxd5 17. Ra5 Bf7 18. Bd3 Nc6 19. Ra3 Nc5 20. Bb1 Rfd8 21. Nd2 Rd6 22. Ne4 Nxe4 23. Bxe4 Bc4 24. Rc3 Rad8 25. Bf3 Ba6 26. Be2 Bxe2 27. Kxe2 Rd2+ 28. Kf3 Rxb2 29. a3 Kf7 30. h4 h5 31. Rf1 Rdd2 32. Rfc1 Ke6 33. Rc5 Rb3 34. R1c3 Rd3 35. Rxc6+ bxc6 36. Rxc6+ Kd7 37. Rc2 Rxa3 38. Rb2 Rdb3 39. Rd2+ Ke7 40. Rc2 Rc3 41. Rb2 Rab3 42. Ra2 Rc7 43. Rc2 Rcc3 44. Ra2 Rc7 0-1

[Event "Bydgoszcz PGNiG Rapid"]
[Site "Bydgoszcz"]
[Date "2021.09.18"]
[Round "3"]
[White "Kowalski, Igor"]
[Black "Gawronski, Miroslaw"]
[Result "1/2-1/2"]
[WhiteElo "2378"]
[BlackElo "2056"]
[PlyCount "197"]
[EventDate "2021.09.18"]
[EventType "swiss (rapid)"]
[EventRounds "9"]
[EventCountry "POL"]
[SourceTitle "CBM 204 Extra"]
[Source "ChessBase"]
[SourceDate "2021.11.30"]
[SourceVersion "1"]
[SourceVersionDate "2021.11.30"]
[SourceQuality "1"]

1. d4 d5 2. c4 dxc4 3. e3 Nf6 4. Bxc4 a6 5. a4 c5 6. Nf3 Nc6 7. 0-0 Bg4 8. Nbd2 cxd4 9. exd4 e6 10. h3 Bh5 11. Nb3 Rc8 12. Be2 Be7 13. Bd2 0-0 14. Rc1 Qb6 15. a5 Qa7 16. Be3 Nd5 17. Nfd2 Bxe2 18. Qxe2 Bb4 19. Nc4 Rfd8 20. Rfd1 Qb8 21. Qg4 f5 22. Qe2 Qc7 23. Ne5 Qd6 24. Bg5 Re8 25. Nc4 Qf8 26. Nb6 Nxb6 27. axb6 Qf7 28. Qc4 h6 29. Bf4 g5 30. Bc7 Bf8 31. d5 exd5 32. Qxd5 Re6 33. Qd7 Rce8 34. Qxf7+ Kxf7 35. Rd7+ R8e7 36. Rd5 Re1+ 37. Rxe1 Rxe1+ 38. Kh2 Ke6 39. Rd2 Bb4 40. Rc2 Bd6+ 41. Bxd6 Kxd6 42. Rd2+ Ke7 43. Nc5 Nd8 44. Rd7+ Ke8 45. Rh7 Re2 46. b4 Rb2 47. Rxh6 Rxb4 48. Rh8+ Ke7 49. Rh7+ Kf6 50. Rd7 Rb5 51. Rxd8 Rxc5 52. Rd7 Rc2 53. Rxb7 Rxf2 54. Ra7 f4 55. Rxa6 Rb2 56. Kg1 Kf5 57. Ra5+ Kg6 58. Ra6 Kh5 59. Kf1 Kh4 60. Kg1 f3 61. Ra4+ Kh5 62. gxf3 Rxb6 63. Kg2 Rb1 64. Ra5 Kh4 65. Ra4+ Kh5 66. Kh2 Rf1 67. Kg2 Rb1 68. Ra8 Rb4 69. Kg3 Rc4 70. Rh8+ Kg6 71. Re8 Rf4 72. Re4 Rf8 73. Kg4 Rf6 74. Rd4 Rb6 75. Ra4 Rf6 76. h4 gxh4 77. f4 Rb6 78. Ra5 Rb4 79. Ra6+ Kf7 80. Kg5 h3 81. Ra7+ Kf8 82. Rh7 Rb5+ 83. f5 Rb6 84. Rxh3 Kg7 85. Ra3 Rc6 86. Ra7+ Kf8 87. Rd7 Ra6 88. Rd5 Kf7 89. Rb5 Kf8 90. Rb7 Rc6 91. Kf4 Ra6 92. Ke5 Ra1 93. Rb6 Kf7 94. Rb7+ Kf8 95. Kf6 Ra6+ 96. Kg5 Rc6 97. f6 Rc1 98. Rb8+ Kf7 99. Rb7+ 1/2-1/2

[Event "POL Cup op blitz"]
[Site "Lodz"]
[Date "2021.08.08"]
[Round "13"]
[White "Gawronski, Miroslaw"]
[Black "Barwinska, Ewa"]
[Result "0-1"]
[WhiteElo "2068"]
[BlackElo "1781"]
[PlyCount "62"]
[EventDate "2021.08.08"]
[EventType "swiss (blitz)"]
[EventRounds "13"]
[EventCountry "POL"]
[SourceTitle "CBM 203 Extra"]
[Source "ChessBase"]
[SourceDate "2021.09.30"]
[SourceVersion "1"]
[SourceVersionDate "2021.09.30"]
[SourceQuality "1"]

1. d4 Nf6 2. Nf3 g6 3. Bf4 Bg7 4. h3 d6 5. e3 Nbd7 6. Be2 0-0 7. 0-0 Qe8 8. c4 e5 9. Bh2 c6 10. Nc3 Qe7 11. b4 Re8 12. Re1 e4 13. Nd2 d5 14. Qb3 Nb6 15. c5 Nbd7 16. a4 Nf8 17. b5 Bd7 18. a5 Ne6 19. a6 bxa6 20. Rxa6 cxb5 21. Bd6 Qd8 22. Rea1 Bf8 23. Nxd5 Bxd6 24. Rxd6 Nxd5 25. Qxd5 Nc7 26. Qb7 Rb8 27. Qxa7 Ra8 28. c6 Rxa7 29. Rxa7 Qb8 30. Rb7 Qa8 31. cxd7 Qxb7 0-1

[Event "POL Cup op blitz"]
[Site "Lodz"]
[Date "2021.08.08"]
[Round "9"]
[White "Gawronski, Miroslaw"]
[Black "Zimochocki, Roman"]
[Result "1-0"]
[WhiteElo "2068"]
[BlackElo "1491"]
[PlyCount "64"]
[EventDate "2021.08.08"]
[EventType "swiss (blitz)"]
[EventRounds "13"]
[EventCountry "POL"]
[SourceTitle "CBM 203 Extra"]
[Source "ChessBase"]
[SourceDate "2021.09.30"]
[SourceVersion "1"]
[SourceVersionDate "2021.09.30"]
[SourceQuality "1"]

1. d4 c6 2. Bf4 d5 3. Nf3 Nf6 4. h3 Bf5 5. c4 e6 6. Nc3 Bd6 7. Ne5 0-0 8. e3 dxc4 9. Bxc4 Bxe5 10. Bxe5 Nbd7 11. Bh2 Bg6 12. 0-0 Nb6 13. Bb3 a5 14. Rc1 a4 15. Nxa4 Nbd5 16. Nc5 Qe7 17. Qe2 Rfd8 18. Rfd1 Ne4 19. Nd3 h6 20. f3 Nd6 21. e4 Nc7 22. Nc5 Nce8 23. a4 Kh7 24. g4 f6 25. Nxe6 Rd7 26. Nc5 Bf7 27. Bxf7 Qxf7 28. Nxd7 Qxd7 29. Qc2 Nf7 30. d5 Kh8 31. dxc6 Qe7 32. Rd7 Qb4 1-0

[Event "POL Cup op blitz"]
[Site "Lodz"]
[Date "2021.08.08"]
[Round "12"]
[White "Siekanska, Maria"]
[Black "Gawronski, Miroslaw"]
[Result "1-0"]
[WhiteElo "1849"]
[BlackElo "2068"]
[PlyCount "83"]
[EventDate "2021.08.08"]
[EventType "swiss (blitz)"]
[EventRounds "13"]
[EventCountry "POL"]
[SourceTitle "CBM 203 Extra"]
[Source "ChessBase"]
[SourceDate "2021.09.30"]
[SourceVersion "1"]
[SourceVersionDate "2021.09.30"]
[SourceQuality "1"]

1. d4 d5 2. c4 dxc4 3. e3 Nf6 4. Bxc4 a6 5. Nf3 b5 6. Bd3 Bb7 7. a4 b4 8. Nbd2 c5 9. e4 cxd4 10. e5 Nd5 11. 0-0 e6 12. Nc4 Nc6 13. Bg5 Qc7 14. Rc1 h6 15. Bh4 Rc8 16. Re1 g5 17. Bg3 Rd8 18. Nfd2 Bg7 19. Ne4 0-0 20. h4 Qe7 21. hxg5 hxg5 22. Qh5 f6 23. exf6 Nxf6 24. Nxf6+ Rxf6 25. Qxg5 Qf7 26. Ne5 Nxe5 27. Bxe5 Rd5 28. Be4 Rxe5 29. Qxe5 Bxe4 30. Qxe4 Rxf2 31. Rc8+ Bf8 32. Qg4+ Kh7 33. Qh4+ Bh6 34. Qxf2 Qd7 35. Qc2+ d3 36. Qc7 Qxc7 37. Rxc7+ Kg6 38. Rxe6+ Kh5 39. Rxh6+ Kxh6 40. Rd7 a5 41. Rxd3 Kg5 42. Rd5+ 1-0

[Event "Opole Termika Blitz op"]
[Site "Opole"]
[Date "2021.07.18"]
[Round "4"]
[White "Heberla, Bartlomiej"]
[Black "Gawronski, Miroslaw"]
[Result "1/2-1/2"]
[WhiteElo "2559"]
[BlackElo "2068"]
[PlyCount "197"]
[EventDate "2021.07.18"]
[EventType "swiss (blitz)"]
[EventRounds "13"]
[EventCountry "POL"]
[SourceTitle "CBM 203 Extra"]
[Source "ChessBase"]
[SourceDate "2021.09.30"]
[SourceVersion "1"]
[SourceVersionDate "2021.09.30"]
[SourceQuality "1"]

1. d4 d5 2. c4 dxc4 3. e3 Nf6 4. Bxc4 a6 5. a4 c5 6. Nf3 Nc6 7. 0-0 Bg4 8. dxc5 Qxd1 9. Rxd1 e6 10. h3 Bh5 11. Nbd2 Bxc5 12. b3 Ke7 13. Bb2 Rhd8 14. Rdc1 Bb4 15. Nf1 Rac8 16. Ng3 Bg6 17. Nd4 Na5 18. Be2 Ne4 19. Nxe4 Bxe4 20. Rxc8 Rxc8 21. f3 Bd5 22. e4 Bxb3 23. Nxb3 Nxb3 24. Rb1 Nd2 25. Rd1 f6 26. Bd4 e5 27. Be3 Rc2 28. Bd3 Ra2 29. Rc1 Kd7 30. Bc4 Nxc4 31. Rxc4 a5 32. Rc1 Rxa4 33. Bb6 Bd6 34. Rd1 Kc6 35. Bd8 Rc4 36. Bxa5 b5 37. Kf1 Ra4 38. Be1 b4 39. Ke2 Ra2+ 40. Bd2 Bc5 41. Kd3 Kb5 42. Rb1 Ra3+ 43. Kc2 Kc4 44. Rc1 Bd4 45. Kd1+ Kd3 46. Bxb4 Ra2 47. Be1 Rxg2 48. Rb1 Rc2 49. Rb3+ Bc3 50. Rb7 Ra2 51. Rd7+ Bd4 52. Bd2 Ra1+ 53. Bc1 g6 54. Rxh7 Be3 55. Rd7+ Kc4 56. Rc7+ Kb5 57. Rc3 Bf4 58. Rc2 Bxc1 59. Rxc1 Ra3 60. Ke2 Ra2+ 61. Ke3 Rh2 62. Rb1+ Kc6 63. Ra1 Kd6 64. Rg1 g5 65. Ra1 Rxh3 66. Ra6+ Ke7 67. Kf2 Rh2+ 68. Kg3 Rh1 69. Kg4 Rf1 70. Rb6 Kf7 71. Rb8 Kg7 72. Kg3 Kg6 73. Rg8+ Kh6 74. Rh8+ Kg7 75. Ra8 Rg1+ 76. Kf2 Rh1 77. Kg2 Rh4 78. Kg3 Rf4 79. Ra7+ Kg6 80. Ra6 g4 81. fxg4 Rxe4 82. Ra8 Re3+ 83. Kf2 Rc3 84. Rg8+ Kf7 85. Ra8 Rd3 86. Rb8 Kg7 87. Ra8 Kh6 88. Rg8 e4 89. Re8 Rf3+ 90. Kg2 Re3 91. Kf2 Rf3+ 92. Kg2 Rf4 93. Kg3 Rf3+ 94. Kg2 Kg5 95. Rxe4 Ra3 96. Rb4 Kh4 97. Rf4 Kg5 98. Rf5+ Kg6 99. Rb5 1/2-1/2

[Event "Wloclawek CC Classic 23rd"]
[Site "Wloclawek"]
[Date "2019.??.??"]
[Round "1"]
[White "Gawronski, Miroslaw"]
[Black "Kaczynski, Maciej"]
[Result "1-0"]
[WhiteElo "2041"]
[BlackElo "1475"]
[PlyCount "81"]
[EventDate "2019.06.??"]
[EventType "swiss"]
[EventRounds "7"]
[EventCountry "POL"]
[SourceTitle "EXT 2021"]
[Source "ChessBase"]
[SourceDate "2020.10.23"]
[SourceVersion "1"]
[SourceVersionDate "2020.10.23"]
[SourceQuality "1"]

1. d4 g6 2. e4 e6 3. f4 c6 4. Nf3 d5 5. e5 f5 6. exf6 Qxf6 7. c4 Bb4+ 8. Nc3 Ne7 9. a3 Bxc3+ 10. bxc3 0-0 11. a4 Nd7 12. g3 b6 13. a5 bxa5 14. c5 Nf5 15. Rxa5 h5 16. Be2 h4 17. g4 Ne7 18. h3 Kg7 19. Be3 Rh8 20. 0-0 a6 21. Ne5 Nb8 22. Bd3 Qf8 23. Rf2 Qd8 24. Rfa2 Qc7 25. Qb1 Ra7 26. Bxg6 Rb7 27. Qc2 Rb5 28. R5a3 Qb7 29. Bd3 Nd7 30. Bxb5 cxb5 31. c6 Qc7 32. cxd7 Bb7 33. Rxa6 Bxa6 34. Rxa6 b4 35. Rxe6 Kf8 36. Rxe7 Kxe7 37. Qg6 Qxc3 38. Qg5+ Kd6 39. d8Q+ Rxd8 40. Qxd8+ Ke6 41. f5# 1-0

[Event "Mazowiec-chT 1819"]
[Site "Warsaw"]
[Date "2018.12.02"]
[Round "1.11"]
[White "Gawronski, Miroslaw"]
[Black "Maj, Pawel1111"]
[Result "1/2-1/2"]
[WhiteElo "2046"]
[BlackElo "2096"]
[PlyCount "112"]
[EventDate "2018.12.02"]
[EventType "team-tourn"]
[EventRounds "7"]
[EventCountry "POL"]
[SourceTitle "EXT 2020"]
[Source "ChessBase"]
[SourceDate "2019.10.17"]
[SourceVersion "1"]
[SourceVersionDate "2019.10.17"]
[SourceQuality "1"]

1. d4 Nf6 2. Nf3 g6 3. Bf4 Bg7 4. h3 0-0 5. e3 c5 6. c3 b6 7. Be2 Bb7 8. 0-0 d6 9. a4 a6 10. Na3 Nbd7 11. Qb3 Rc8 12. Rac1 cxd4 13. cxd4 Rxc1 14. Rxc1 Qa8 15. Nb1 Bd5 16. Qa3 Rc8 17. Nc3 Ne4 18. b4 Nxc3 19. Rxc3 Rxc3 20. Qxc3 Qc6 21. Qa1 a5 22. Bb5 Qc7 23. bxa5 bxa5 24. Qe1 Nf6 25. Nd2 Qc3 26. Qd1 Ne4 27. Nxe4 Bxe4 28. f3 Bc2 29. Qc1 e5 30. dxe5 Bxe5 31. Bh6 Bb3 32. Qxc3 Bxc3 33. Kf2 Bg7 34. Bg5 Kf8 35. Ke2 Bc3 36. Kd3 Bb4 37. Bf6 Be6 38. Bc6 h6 39. g4 Bc5 40. h4 d5 41. Bd8 Bb4 42. Kd4 Bd2 43. Bb6 Ke7 44. Bxd5 Bxe3+ 45. Kxe3 Bxd5 46. Bxa5 Bc6 47. Bb4+ Ke6 48. a5 h5 49. a6 Kd7 50. gxh5 gxh5 51. a7 Kc7 52. Bc5 Kb7 53. f4 f5 54. Kd4 Bf3 55. Ke5 Bg4 56. Ke6 Ka8 1/2-1/2

[Event "POL-chT 2nd League"]
[Site "Szklarska Poreba"]
[Date "2017.09.09"]
[Round "8.1"]
[White "Gawronski, Miroslaw"]
[Black "Zurkowski, Andrzej"]
[Result "0-1"]
[WhiteElo "2041"]
[BlackElo "2048"]
[PlyCount "120"]
[EventDate "2017.09.02"]
[EventType "team-swiss"]
[EventRounds "9"]
[EventCountry "POL"]
[SourceTitle "CBM 180 Extra"]
[Source "ChessBase"]
[SourceDate "2017.10.06"]
[SourceVersion "1"]
[SourceVersionDate "2017.10.06"]
[SourceQuality "1"]
[WhiteTeam "Plock Stowarzyszenie"]
[BlackTeam "Debica Gryf"]
[WhiteTeamCountry "POL"]
[BlackTeamCountry "POL"]

1. d4 Nf6 2. Nf3 e6 3. Bf4 c5 4. e3 Nc6 5. c3 Be7 6. h3 0-0 7. Nbd2 cxd4 8. exd4 d6 9. Bc4 a6 10. a4 Bd7 11. 0-0 Qc7 12. Qe2 Rab8 13. Rfe1 Rfe8 14. Bh2 Bf8 15. Ne4 Nxe4 16. Qxe4 Ne7 17. Qe2 Ng6 18. Bb3 Be7 19. Qd3 Rbd8 20. a5 Bc6 21. d5 Bb5 22. c4 Bd7 23. dxe6 Bxe6 24. Nd4 Bd7 25. Nf5 Bxf5 26. Qxf5 Bf6 27. Qd5 Be5 28. Rad1 Ne7 29. Qf3 Nc6 30. Bxe5 dxe5 31. Ba4 Rxd1 32. Rxd1 Re6 33. Bxc6 Rxc6 34. b4 h6 35. c5 Rf6 36. Qd5 Rf4 37. Qd6 Qc8 38. g4 Kh7 39. Rb1 f6 40. Qd3+ Kh8 41. Qb3 h5 42. f3 Qc6 43. Rf1 Qb5 44. Qf7 Rxb4 45. gxh5 Qxc5+ 46. Kh1 Qc8 47. Kg2 Rh4 48. Rh1 Qf5 49. Qg6 Rxh5 50. Qe8+ Kh7 51. h4 Qg6+ 52. Qxg6+ Kxg6 53. Kg3 e4 54. fxe4 Rxa5 55. Kf4 b5 56. Rg1+ Kf7 57. Rc1 b4 58. Rc7+ Kg6 59. Rb7 Rb5 60. h5+ Kxh5 0-1

[Event "Suwalki Warakomska Memorial-B 1st"]
[Site "Suwalki"]
[Date "2017.08.13"]
[Round "4"]
[White "Gawronski, Miroslaw"]
[Black "Zianowicz, Dominik"]
[Result "1-0"]
[WhiteElo "2014"]
[BlackElo "1843"]
[PlyCount "121"]
[EventDate "2017.08.11"]
[EventType "swiss"]
[EventRounds "9"]
[EventCountry "POL"]
[SourceTitle "CBM 180 Extra"]
[Source "ChessBase"]
[SourceDate "2017.10.06"]
[SourceVersion "1"]
[SourceVersionDate "2017.10.06"]
[SourceQuality "1"]

1. d4 d5 2. Nf3 e6 3. Bf4 c5 4. e3 Nc6 5. c3 Nf6 6. Nbd2 cxd4 7. exd4 Bd6 8. Bg5 a6 9. Bd3 Rb8 10. Qe2 Be7 11. 0-0 0-0 12. Rfe1 b5 13. a3 Qb6 14. Bf4 Ra8 15. h3 Bd7 16. b4 Rfc8 17. Nb3 Nd8 18. Nc5 Be8 19. Ne5 Nb7 20. g4 Nxc5 21. bxc5 Qa5 22. Qc2 g6 23. Bg5 Qd8 24. f4 Nd7 25. Nf3 Bxg5 26. Nxg5 e5 27. dxe5 Nxc5 28. Rac1 Qb6 29. Qf2 Na4 30. Qxb6 Nxb6 31. f5 Na4 32. e6 f6 33. Nf3 g5 34. h4 h6 35. hxg5 hxg5 36. Rc2 Rc7 37. Nxg5 fxg5 38. f6 Rxc3 39. Re5 Rxc2 40. Rxg5+ Kf8 41. Bxc2 Nc5 42. Bf5 Ne4 43. Bxe4 dxe4 44. Rg7 Bc6 45. Rf7+ Kg8 46. g5 Bd5 47. Re7 a5 48. g6 Bxe6 49. Rxe6 b4 50. axb4 axb4 51. Rb6 Rf8 52. g7 Re8 53. Rb7 Ra8 54. Rxb4 Kf7 55. Rb6 Re8 56. Kf2 Ra8 57. Ke3 Re8 58. Kf4 Kg6 59. Re6 Rxe6 60. g8Q+ Kxf6 61. Qf8+ 1-0

[Event "Wloclawek CC Classic 18th"]
[Site "Wloclawek"]
[Date "2017.??.??"]
[Round "2"]
[White "Augustowski, Janusz"]
[Black "Gawronski, Miroslaw"]
[Result "0-1"]
[WhiteElo "1738"]
[BlackElo "2072"]
[PlyCount "92"]
[EventDate "2017.04.??"]
[EventType "swiss"]
[EventRounds "7"]
[EventCountry "POL"]
[SourceTitle "EXT 2021"]
[Source "ChessBase"]
[SourceDate "2020.10.23"]
[SourceVersion "1"]
[SourceVersionDate "2020.10.23"]
[SourceQuality "1"]

1. d4 d5 2. Nf3 Nf6 3. g3 c6 4. Bg2 h6 5. 0-0 Bf5 6. b3 e6 7. c4 Nbd7 8. Nc3 Be7 9. cxd5 exd5 10. Bb2 0-0 11. Nd2 Re8 12. f3 Bb4 13. a3 Ba5 14. Re1 Bxc3 15. Bxc3 Re3 16. Rc1 Qe7 17. Nf1 Re6 18. Bb4 Qe8 19. g4 Bh7 20. Ng3 a5 21. Bd2 Qe7 22. Nf5 Qxa3 23. e4 dxe4 24. fxe4 Qf8 25. e5 Nd5 26. Bxd5 cxd5 27. Rc7 Qd8 28. Rxb7 h5 29. Qf3 hxg4 30. Qf4 Rb8 31. Nd6 Bg6 32. Rf1 Rxb7 33. Nxb7 Qb6 34. Nd6 Nxe5 35. Nc8 Qb8 36. dxe5 Qxc8 37. Rc1 Qb8 38. Qxg4 Qb6+ 39. Kg2 Be4+ 40. Kh3 Qxb3+ 41. Rc3 Qb8 42. Bf4 a4 43. Rg3 Rg6 44. Qh4 Qc8+ 45. Rg4 Rxg4 46. Qxg4 Bf5 0-1

[Event "Wloclawek CC Classic 18th"]
[Site "Wloclawek"]
[Date "2017.??.??"]
[Round "5"]
[White "Gawronski, Miroslaw"]
[Black "Jablonski, Miroslaw"]
[Result "1-0"]
[WhiteElo "2072"]
[BlackElo "1960"]
[PlyCount "99"]
[EventDate "2017.04.??"]
[EventType "swiss"]
[EventRounds "7"]
[EventCountry "POL"]
[SourceTitle "EXT 2021"]
[Source "ChessBase"]
[SourceDate "2020.10.23"]
[SourceVersion "1"]
[SourceVersionDate "2020.10.23"]
[SourceQuality "1"]

1. d4 d5 2. Nf3 Nf6 3. Bf4 e6 4. h3 Bd6 5. Ne5 b6 6. e3 0-0 7. Nd2 Bb7 8. Be2 c5 9. c3 Nc6 10. Ndf3 Ne4 11. Nxc6 Bxc6 12. Ne5 Bb7 13. 0-0 f6 14. f3 fxe5 15. dxe5 Nxc3 16. bxc3 Be7 17. Qc2 c4 18. Bg3 Bc5 19. Bf2 g5 20. h4 Qc7 21. hxg5 Qxe5 22. f4 Qf5 23. Qb1 Qxb1 24. Raxb1 Bc6 25. g3 b5 26. Bg4 Rfe8 27. Rfd1 a5 28. e4 Bxf2+ 29. Kxf2 b4 30. Bxe6+ Rxe6 31. exd5 Bxd5 32. Rxd5 bxc3 33. Rc1 Rb6 34. Rxc3 Rb2+ 35. Kf3 Rxa2 36. Rxc4 a4 37. Rd7 Rh2 38. Rcc7 a3 39. Ra7 Rxa7 40. Rxa7 a2 41. Kg4 Rb2 42. f5 Rb4+ 43. Kh5 Rb2 44. g6 Rh2+ 45. Kg5 hxg6 46. Kxg6 Kf8 47. f6 Re2 48. Ra8+ Re8 49. Rxa2 Rb8 50. Rh2 1-0

[Event "Wloclawek CC Classic 18th"]
[Site "Wloclawek"]
[Date "2017.??.??"]
[Round "6"]
[White "Gawronski, Miroslaw"]
[Black "Ludwinski, Daniel"]
[Result "1-0"]
[WhiteElo "2072"]
[BlackElo "1749"]
[PlyCount "67"]
[EventDate "2017.04.??"]
[EventType "swiss"]
[EventRounds "7"]
[EventCountry "POL"]
[SourceTitle "EXT 2021"]
[Source "ChessBase"]
[SourceDate "2020.10.23"]
[SourceVersion "1"]
[SourceVersionDate "2020.10.23"]
[SourceQuality "1"]

1. d4 Nf6 2. Nf3 c5 3. dxc5 e6 4. a3 Bxc5 5. b4 Be7 6. c4 d5 7. cxd5 Qxd5 8. Qc2 0-0 9. Nc3 Qh5 10. e4 Nbd7 11. Be2 b6 12. 0-0 Bb7 13. Ng5 Qg6 14. f4 Nd5 15. Nxd5 exd5 16. Bg4 Ne5 17. Bf5 Qh5 18. Nxh7 Rfc8 19. Bxc8 Rxc8 20. Qd1 Qxh7 21. fxe5 Qxe4 22. Re1 Qg6 23. Ra2 Qb1 24. Rb2 Qg6 25. Rbe2 Bh4 26. g3 Be7 27. Bb2 Bg5 28. e6 fxe6 29. Rxe6 Qc2 30. Qh5 Bc6 31. Rxc6 Qxc6 32. Qxg5 Qh6 33. Qxd5+ Kh7 34. Qf5+ 1-0

[Event "POL-chT3 Kujawsko Pomorskie 1617"]
[Site "Poland"]
[Date "2017.??.??"]
[Round "6.11"]
[White "Kacprzak, Karol"]
[Black "Gawronski, Miroslaw"]
[Result "1-0"]
[WhiteElo "1577"]
[BlackElo "2085"]
[PlyCount "135"]
[EventDate "2016.11.06"]
[EventType "team-tourn"]
[EventRounds "9"]
[EventCountry "POL"]
[SourceTitle "EXT 2018"]
[Source "ChessBase"]
[SourceDate "2017.10.13"]
[SourceVersion "1"]
[SourceVersionDate "2017.10.13"]
[SourceQuality "1"]

1. e4 d6 2. d4 Nf6 3. Nc3 c6 4. h3 Qa5 5. Bd3 e5 6. Nf3 Nbd7 7. Bd2 Qc7 8. Be3 b5 9. a3 a6 10. 0-0 Bb7 11. Qe2 Rc8 12. Rfe1 c5 13. dxc5 dxc5 14. Nd5 Nxd5 15. exd5 Bxd5 16. c4 Ba8 17. cxb5 Be7 18. Bf5 axb5 19. Bxd7+ Qxd7 20. Nxe5 Qb7 21. Qg4 0-0 22. Bh6 Qxg2+ 23. Qxg2 Bxg2 24. Bxg7 Kxg7 25. Kxg2 Rfd8 26. Rad1 Bf6 27. f4 c4 28. Kf3 Rxd1 29. Rxd1 c3 30. Rg1+ Kf8 31. Nd7+ Ke7 32. Nxf6 Kxf6 33. bxc3 Rxc3+ 34. Kg4 Rxa3 35. Rb1 Ra5 36. h4 Kg6 37. h5+ Kf6 38. Rb4 h6 39. Rb3 Ke6 40. Re3+ Kd6 41. Re5 Kc6 42. Rf5 Ra7 43. Rf6+ Kc5 44. Rxh6 b4 45. Rh8 Rb7 46. Rc8+ Kd4 47. Rc1 b3 48. Kg5 Rb6 49. h6 Rg6+ 50. Kh5 Rg2 51. Rh1 Rg8 52. h7 Ra8 53. Kh6 Ke4 54. Rf1 f5 55. Kg5 Rh8 56. Re1+ Kd4 57. Re7 b2 58. Rb7 Kc3 59. Kg6 Re8 60. Kxf5 Kc2 61. Kg6 b1Q 62. Rxb1 Kxb1 63. f5 Kc2 64. f6 Kd3 65. f7 Re1 66. h8Q Rg1+ 67. Kf6 Ke4 68. Ke7 1-0

[Event "POL-chT3 Kujawsko Pomorskie 1516"]
[Site "Poland"]
[Date "2016.01.31"]
[Round "5"]
[White "Wisniewski, Jaroslaw"]
[Black "Gawronski, Miroslaw"]
[Result "1-0"]
[WhiteElo "1875"]
[BlackElo "2136"]
[PlyCount "85"]
[EventDate "2015.11.08"]
[EventType "team-tourn"]
[EventRounds "9"]
[EventCountry "POL"]
[SourceTitle "EXT 2019"]
[Source "ChessBase"]
[SourceDate "2018.10.10"]
[SourceVersion "1"]
[SourceVersionDate "2018.10.10"]
[SourceQuality "1"]

1. b3 c5 2. Bb2 Nc6 3. e4 a6 4. f4 e6 5. Nf3 Qc7 6. g3 b5 7. Bg2 Bb7 8. d3 d6 9. Nbd2 Nf6 10. a4 Rd8 11. axb5 axb5 12. 0-0 d5 13. Ne5 Qb6 14. Nxc6 Bxc6 15. e5 Ng8 16. f5 Ne7 17. fxe6 fxe6 18. Qf3 Kd7 19. Qf7 g6 20. Bh3 Bb7 21. Rf6 c4+ 22. d4 Kc7 23. Rxe6 Bc6 24. Rxe7+ Bxe7 25. Qxe7+ Kb8 26. bxc4 dxc4 27. c3 Rhe8 28. Qb4 Bb7 29. Bg2 Bxg2 30. Kxg2 Rxe5 31. Nf3 Re2+ 32. Kf1 Rde8 33. Qa3 Kb7 34. Bc1 Kc6 35. Bf4 Kd5 36. Rb1 Rc2 37. Ng5 h6 38. Rxb5+ Kc6 39. Rxb6+ Kxb6 40. Qd6+ Kb7 41. Qd7+ Kb6 42. Qxe8 hxg5 43. Qxg6+ 1-0